| 000 | 00337nam a22001457a 4500 | ||
|---|---|---|---|
| 020 | _a0-19-945051-X | ||
| 082 |
_a651.4 _bBAL |
||
| 100 | _aBALI, PARVINDERS | ||
| 245 | _aFOOD PRODUCTION OPRATION | ||
| 260 |
_aDELHI _bOXFORD UNIVERSITY PRESS _c2015 |
||
| 300 | _a587 | ||
| 650 | _aFOOD PRODUCTION | ||
| 653 | _aFOOD | ||
| 942 |
_2ddc _cBK _05 |
||
| 999 |
_c8097 _d8097 |
||